Pays qui comptent le plus d'Apple Stores - Statistiques

Statistiques générales
  • Ce quiz a été pris 412 fois
  • Le résultat moyen est 17 sur 23
Statistiques - réponses
Boutiques ouvertes Pays % Correct
210 États-Unis
100%
20 France
100%
11 Espagne
96%
51 Chine
94%
15 Allemagne
93%
28 Canada
92%
17 Italie
92%
10 Japon
91%
38 Royaume-Uni
90%
2 Mexique
85%
2 Brésil
84%
22 Australie
79%
4 Suisse
78%
1 Belgique
76%
3 Suède
75%
2 Corée du Sud
74%
3 Pays-Bas
69%
1 Autriche
54%
2 Turquie
53%
3 Émirats arabes unis
52%
2 Thaïlande
40%
3 Singapour
39%
2 Taïwan
37%
Aucun quiz correspondant
Distribution des résultats
% des personnes avec chaque résultat
Percentile par nombre de réponses
Votre historique - résultats
Vous n’avez pas pris ce quiz